| 000 | 01378 a2200217 4500 | ||
|---|---|---|---|
| 001 | 25198 | ||
| 005 | 20260407155535.0 | ||
| 008 | 260407a1965 arg spa d | ||
| 003 | AR-UNSa-BCEJYS | ||
| 040 |
_aAR-UNSa-BCEJYS _bspa _cAR-UNSa-BCEJYS |
||
| 080 |
_a519.2 _xProbabilidades y estadística matemática |
||
| 245 | 1 | 0 |
_aEstadísitica aplicada _ptécnicas de la estadística moderna, cuando y donde aplicarlas |
| 264 | 1 |
_aMéxico : _bLimusa-Wiley _c1965 |
|
| 300 |
_a630 p. _c23 cm. |
||
| 505 | _a1. El papel de la estadística en la investigación - 2. Conceptos matemáticos - 3. Un resumen de la teoria básica en probabilidad y estadística - 4. Elemetos de muestreo y estadística descriptiva - 5. Distribuciones de muestreo - 6. Inferencia estadística : La estimación - 7. Inferencia estadística : Prueba hipotesis - 8. Análisis de regresión - 9. Análisis de correlación - 10. Diseño de investigaciones experimentales - 11. Diseño completamente azarizado - 12. Diseño en bloque completo azarizado - 13. Otros diseños - 14. Análisis de covarianza - 15. Métods de distribución libre - 16. Control estadístico de la calidad - 17. Algunas otras técnicas y aplicaciones. | ||
| 942 | _cBK | ||
| 590 | _aniveau_biblio:m niveau_hierar:0 | ||
| 100 | 1 | _aOstle, Bernard | |
| 700 | 1 | _aSerna Valdivia, Dagoberto de la | |
| 700 | 1 | _aRodriguez Caballero, Melchor | |
| 999 |
_c1309 _d1309 |
||